000
00216 a2200097 4500
001
9895
100
_a
Shapiro, A H
245
_a
Dynamics & thermodynamics of computer.
260
_a
_b
Ronald
_c
090
_c
7732
_d
7732
942
_a
NUST-CAE
_c
M
_c
34414
999
_c
244968
_d
244968